| 000 | 01104nam a22003617a 4500 | ||
|---|---|---|---|
| 001 | BR0501497 | ||
| 003 | BR-BrBNA | ||
| 005 | 20230928101854.0 | ||
| 007 | ta | ||
| 008 | 230509b bl.||||| |||| 00| 0 por d | ||
| 040 |
_aBR-BrBNA _bpor _cBiblioteca Nacional de Agricultura |
||
| 041 | _a(Por) | ||
| 072 |
_aP34 _b0336 _b3876 |
||
| 090 | _ 0336 BR0501497 | ||
| 100 | 1 | _aMalty, J. dos S. | |
| 110 | 1 |
_aUniversidade Federal de Lavras, MG (Brasil) _0Tese (Mestrado) |
|
| 245 | 1 | _aEfeito do Roundup (glifosato)sobre Bradyrhizobium spp. e fungos micorrízicos arbusculares "in vitro" e na nodulação e micorrização da soja | |
| 260 | 3 |
_aLavras, MG (Brasil): _c2004. |
|
| 300 | _a73 p. | ||
| 500 | _aSummaries (Eng, Por); Bibliography p. | ||
| 650 | _aSOJA | ||
| 650 | _aHERBICIDA | ||
| 650 | _aMICORRÍZA | ||
| 650 | _aESTIRPE | ||
| 650 | _aSIMBIOSE | ||
| 650 | _aBIOQUÍMICA VEGETAL | ||
| 650 | _aMICROSPORUM | ||
| 650 | _aFIXAÇÃO SIMBIÓTICA DE NITROGÊNIO | ||
| 650 | _aNODULAÇÃO | ||
| 650 | _aMICROBIOLOGIA DO SOLO | ||
| 909 |
_a202309 _bLucia _c55 _dLucia Elande |
||
| 942 | _cBK | ||
| 999 |
_c67987 _d67987 |
||